000 00665nam a2200217 4500
001 122199
003 ES-MaACL
005 20251116063103.0
007 t|
008 070214s1974 sp r ||||1| spa d
100 0 _aPrieto-Castro y Ferrándiz, Leonardo
_993919
245 1 0 _aDerecho Procesal Civil /
_cpor Leonardo Prieto-Castro y Ferrándiz.
250 _a2ª ed.
260 _aMadrid :
_bTecnos,
_c1974.
300 _a1 v. ;
_c21 cm.
490 1 _aManuales universitarios españoles. II
500 _aEs el v. I.
830 0 _aManuales universitarios españoles. II
_9186561
852 _aES-MaACL
_jP-1718
_bR.90422
999 _c122199
_d122199